000 00475 a2200169 4500
003 OSt
005 20231103134832.0
008 231103b |||||||| |||| 00| 0 eng d
020 _a9789383756070
040 _coclc
082 _a954.83
_bVAT/C
100 _aVatakara, M C
_92060
245 _aC H RASHTREEYA JEEVACHARITHRAM /
_cM C Vatakara
260 _aKerala:
_bOlive ,
_c2019.
300 _a553p
942 _2ddc
_cBK
_h954.83
_iVAT/C
_k954.83
_mVAT/C
999 _c42787
_d42787